Statistics for NBA Basketball Multiple Choice #2

Click here to take the quiz!

General Stats

  • This quiz has been taken 385 times
  • The average score is 12 of 16

Answer Stats

QuestionAnswer% Correct
Which of these players is the tallest?Tacko Fall
96%
Which of these traits is Nikola Jokić known for?Excellent passing
89%
Which of these players NEVER won the NBA Slam Dunk contest?LeBron James
88%
Is Wilt Chamberlain still alive?No
85%
What did LeBron James say when he left Cleveland to play in Miami?I'm taking my talents to South Beach
84%
Which of these players was NEVER named MVP?Tracy McGrady
83%
True or false. The majority of current NBA players were born in the United States.True
83%
Who is David Stern?Former NBA commissioner
82%
What NBA record does Rasheed Wallace hold?Most technical fouls in a season
82%
Where was the "bubble" where the NBA finished its season in 2020?Orlando
82%
What offensive system was developed by Tex Winter and employed by Phil Jackson?The Triangle Offense
80%
Where did Shaquille O'Neal play in college?LSU
74%
Where did Larry Bird grow up?Indiana
71%
Which of these players DIDN'T have a father who played in the NBA?Karl Malone
65%
True or false. The average NBA free throw shooting percentage is lower now that it was in the 1960s.False
58%
Who said "I am not a role model"?Charles Barkley
25%

Score Distribution

Percentile by Number Answered

Percent of People with Each Score

Your Score History

You have not taken this quiz